00908nam a2200229Ia 450000500170000000800410001708200170005824500730007525000190014830000620016749000150022950000900024465000670033465000460040165000430044770000230049026400420051333600270055533700330058233800280061504000350064320220317001250.0160825s1978 ck g 000 0 spa 04a791.43bM14p13aLa parte del leóncdirección Adolfo Aristarainhvideograbación a1a. edición  a1 videocasete en VHS (85 minutos)bsonido, color c20 cm  aLa maleta  aLa película pertenece a la colección La Maleta. Dirigida para un público adulto142LEMBaPelículas cinematográficas argentinasvVideocasetes 142LEMBaCine latinoamericanovVideocasetes 142LEMBaCine de aventurasvVideocasetes 1 aAristarain, Adolfo aBogotábMinisterio de Culturac1978 atextobtxt2rdacontent asin mediaciónbn2rdamedia avolumenbnc2rdacarrier aCO-BoRNBPbspaerdacCO-BoRNBP